TV and Electronics as a Career / (Record no. 183266)

000 -LEADER
fixed length control field 00780 a2200181 4500
003 - CONTROL NUMBER IDENTIFIER
control field Nust
005 - DATE AND TIME OF LATEST TRANSACTION
control field 20221223120322.0
040 ## - CATALOGING SOURCE
Transcribing agency Nust
082 ## - DEWEY DECIMAL CLASSIFICATION NUMBER
Classification number 621.388,KAM
100 ## - MAIN ENTRY--PERSONAL NAME
Personal name Kamen Ira
9 (RLIN) 105754
245 ## - TITLE STATEMENT
Title TV and Electronics as a Career /
Statement of responsibility, etc. Kamen Ira
260 ## - PUBLICATION, DISTRIBUTION, ETC.
Place of publication, distribution, etc. New York
Name of publisher, distributor, etc. John f.Rider
Date of publication, distribution, etc. 1951
300 ## - PHYSICAL DESCRIPTION
Extent 326p
505 ## - FORMATTED CONTENTS NOTE
Formatted contents note Selecting a Career in TV and Electronic (Page-1), Television Broadcasting (Page-11), AM-FM Broadcasting and Communications (Page-67),Radio and Television Manufacturing (Page-101), Electronic Engineering (Page-148),Television Servicing (Page-175) Destruction of Radio Ad Television (Page-240), Electronic in the Armed Forces (Page-268), Men in Electronic (Page-283).
600 ## - SUBJECT ADDED ENTRY--PERSONAL NAME
Personal name Ira Kamen
9 (RLIN) 105755
650 ## - SUBJECT ADDED ENTRY--TOPICAL TERM
Topical term or geographic name entry element Electronics
942 ## - ADDED ENTRY ELEMENTS (KOHA)
Source of classification or shelving scheme
Koha item type Book
Holdings
Withdrawn status Lost status Source of classification or shelving scheme Damaged status Not for loan Permanent Location Current Location Shelving location Date acquired Full call number Barcode Date last seen Price effective from Koha item type Public note
          Military College of Signals (MCS) Military College of Signals (MCS) General Stacks 12/12/2016 621.388,KAM MCS6874 12/08/2016 12/12/2016 Book Almirah No.39, Shelf No.4
© 2023 Central Library, National University of Sciences and Technology. All Rights Reserved.